Phân tích ảnh hưởng của kiến thức tài chính cá nhân đến hành vi sử dụng thẻ tín dụng của người dân tại Thành phố Cần Thơ : Luận văn tốt nghiệp Cao học. Chuyên ngành Tài chính - Ngân hàng

Phân tích ảnh hưởng của kiến thức tài chính cá nhân đến hành vi sử dụng thẻ tín dụng của người dân tại Thành phố Cần Thơ, từ đó đề xuất một số giải pháp nhằm phát triển thị trường thẻ tín dụng và đưa ra một số ý kiến giúp ngườ...

ver descrição completa

Na minha lista:
Detalhes bibliográficos
Autor principal: Trần, Huân
Formato: Livro
Idioma:Undetermined
Publicado em: Cần Thơ Trường Đại học Cần Thơ 2019
Assuntos:
Tags: Adicionar Tag
Sem tags, seja o primeiro a adicionar uma tag!
Thư viện lưu trữ: Trung tâm Học liệu Trường Đại học Cần Thơ
LEADER 01367nam a2200217Ia 4500
001 CTU_231870
008 210402s9999 xx 000 0 und d
082 |a 332.765 
082 |b H502 
088 |a 8340201 
100 |a Trần, Huân 
245 0 |a Phân tích ảnh hưởng của kiến thức tài chính cá nhân đến hành vi sử dụng thẻ tín dụng của người dân tại Thành phố Cần Thơ : 
245 0 |b Luận văn tốt nghiệp Cao học. Chuyên ngành Tài chính - Ngân hàng 
245 0 |c Trần Huân ; Vũ Thị Hồng Nhung (Cán bộ hướng dẫn) 
260 |a Cần Thơ 
260 |b Trường Đại học Cần Thơ 
260 |c 2019 
520 |a Phân tích ảnh hưởng của kiến thức tài chính cá nhân đến hành vi sử dụng thẻ tín dụng của người dân tại Thành phố Cần Thơ, từ đó đề xuất một số giải pháp nhằm phát triển thị trường thẻ tín dụng và đưa ra một số ý kiến giúp người dân tối đa hóa hiệu quả sử dụng thẻ tín dụng. 
650 |a Bank credit cards,Thẻ tín dụng ngân hàng 
910 |b nthai 
980 |a Trung tâm Học liệu Trường Đại học Cần Thơ